Formel 1 Top 3 Fahrer Brasiliens - Statistiken

Allgemein
  • Dieses Quiz wurde 208 mal gespielt
  • Das Durchschnittsergebnis liegt bei 10 aus 28
Antwortstatistiken
Antwort % Korrekt
Ayrton Senna
95%
Bruno Senna
95%
Felipe Massa
91%
Rubens Barrichello
84%
Christian Fittipaldi
77%
Emerson Fittipaldi
77%
Pietro Fittipaldi
77%
Wilson Fittipaldi
77%
Nelson Piquet
75%
Nelson Piquet jr.
75%
Felipe Nasr
35%
Carlos Pace
24%
Pedro Diniz
15%
Ricardo Zonta
14%
Luciano Burti
10%
Roberto Moreno
10%
Antonio Pizzonia
9%
Mauricio Gugelmin
9%
Cristiano da Matta
8%
Enrique Bernoldi
8%
Chico Serra
6%
Ricardo Rosset
6%
Chico Landi
5%
Raul Boesel
5%
Hernando da Silva Ramos
4%
Ingo Hoffmann
4%
Tarso Marques
4%
Gino Bianco
2%
Keine übereinstimmenden Quizze gefunden
Verteilung der Resultate
Anzahl Personen mit jedem Resultat
Perzentil nach korrekt beantworteten Fragen
Ihre Resultats-Entwicklung
Sie haben dieses Quiz noch nicht gespielt